000 00289nam a22001217a 4500
008 181022b xxu||||| |||| 00| 0 eng d
041 _aeng
080 _23rd
_a620
100 _a37
101 _aMEK
245 _aIntroductory Soil Mechanics and Foundations
_cSowers,G.B
942 _2udc
_cBK
999 _c50432
_d50432